Νευρωνικά δίκτυα στον αυτόματο έλεγχο μονάδων επεξεργασίας υγρών αποβλήτων
Αποθηκεύτηκε σε:
| Κύριος συγγραφέας: | |
|---|---|
| Συγγραφή απο Οργανισμό/Αρχή: | |
| Μορφή: | Thesis Βιβλίο |
| Γλώσσα: | Greek |
| Δημοσίευση: |
2008.
|
| Θέματα: | |
| Διαθέσιμο Online: | http://hdl.handle.net/11610/14820 |
| Ετικέτες: |
Προσθήκη ετικέτας
Δεν υπάρχουν, Καταχωρήστε ετικέτα πρώτοι!
|
MARC
| LEADER | 00000cam a2200000 i 4500 | ||
|---|---|---|---|
| 001 | 1/1157 | ||
| 008 | 090828s2008 gr | ||| |||| ||gre|| | ||
| 035 | |l 10105494 | ||
| 040 | |a GR-MyUa |b gre |e AACR2 | ||
| 041 | 0 | |a gre | |
| 082 | 7 | |a 628.5 |2 (22) | |
| 100 | 1 | |a Σιορίκης, Βασίλειος. | |
| 245 | 1 | 0 | |a Νευρωνικά δίκτυα στον αυτόματο έλεγχο μονάδων επεξεργασίας υγρών αποβλήτων / |c Σιορίκης Βασίλειος ; [επιβλέπων καθηγητής: Λεκκάς Θεμιστοκλής]. |
| 260 | |c 2008. | ||
| 300 | |a 83 σ. : |b πιν., εικ. ; |c 30 εκ. | ||
| 502 | |a Διατριβή (μεταπτυχιακή) – Πανεπιστήμιο Αιγαίου, Λέσβος, 2008. | ||
| 504 | |a Βιβλιογραφία: σ. 80-83. | ||
| 650 | 0 | 0 | |a Sewage disposal plants |x Technological innovations. |
| 650 | 0 | 0 | |a Sewage disposal plants |x Equipment and supplies. |
| 650 | 0 | 0 | |a Sewage disposal plants |x Design and construction. |
| 650 | 0 | 0 | |a Sewage disposal plants |x Automation. |
| 650 | 0 | 0 | |a Dissertations, Academic |z Greece. |
| 700 | 1 | |a Λέκκας, Θεμιστοκλής Δ. |e dgs | |
| 710 | 2 | |a Πανεπιστήμιο Αιγαίου |b Σχολή Περιβάλλοντος |b Τμήμα Περιβάλλοντος |b Θεοφράστειο Πρόγραμμα Μεταπτυχιακών Σπουδών Περιβαλλοντική και Οικολογική Μηχανική. | |
| 852 | |a INST |b LESVOS |c DIATR |e 20090828 |h 121 |p 005100046722 |q 005100046722 |t MTXE |y 23 | ||
| 852 | |a INST |b LESVOS |c DIATR |e 20090828 |h 122 |p 005100046723 |q 005100046723 |t MTXE |y 23 | ||
| 856 | |u http://hdl.handle.net/11610/14820 | ||
| 901 | |a BIBL1-2009-2 | ||
| 924 | |a Σιορίκης |b Βασίλειος |y Λέσβος |z 2008-02 | ||
| 970 | |a ΤΖΑΦΕΡΗ |b ΕΥΑΓΓΕΛΙΑ |z 2009/08/28 | ||